00642nam a2200193Ia 450000500170000000800410001702000150005808200130007310000260008624500550011226001120016730000130027965000130029265000110030565000140031694200060033095200970033699900150043320250526023920.0240331s9999 xx 000 0 und d a9559805304 bMAHa303 aMahinda himi Degalle, 0aBudu samaya saha Sri Lankawe janawargika gattanaya aNorway, englandbnorway bawdha sangamaiya, bathspa wishwa vidyalaya agama athamaiya theparthumenthuwac2003 a378 p ., aBuddhism aEthnic aSri Lanka cL 001040708LaWERCLbWERCLcSSCd2024-03-31l0o 303.6 MAHp6353r2024-03-31w2024-03-31yL c5145d5145